| 000 | 00649nam a2200217Ia 4500 | ||
|---|---|---|---|
| 003 | OSt | ||
| 005 | 20240814102304.0 | ||
| 008 | 210329s9999||||xx |||||||||||||| ||und|| | ||
| 040 | _cSTCPL | ||
| 041 | _aMAL | ||
| 082 |
_aM30 1 _bKAR-P |
||
| 100 |
_aNeelakanta Pilla, Karoor _qകാരൂർ നീലകണ്ഠപ്പിള്ള |
||
| 245 | 0 |
_aPothichoru / _cKaroor Neelakanta Pilla _hപൊതിച്ചോറ് |
|
| 260 |
_aKottayam : _bSahitya Pravarthaka Co-Operative Society Ltd. , _c1999 . |
||
| 300 |
_a62 p. _bPB |
||
| 650 | _aMalayalam literature | ||
| 650 | _aFiction | ||
| 650 | _astories | ||
| 942 | _cBK | ||
| 942 | _2ddc | ||
| 999 |
_c45095 _d45095 |
||